[Event "BCF-chT4 1516 (4NCL)"]
[Site "England"]
[Date "2015.11.15"]
[Round "2.99"]
[White "Kenning, Paul H"]
[Black "Krikler, Alex"]
[Result "1-0"]
[WhiteElo "1866"]
[BlackElo "1082"]
[PlyCount "29"]
[EventDate "2015.11.14"]
[EventType "team-swiss"]
[EventRounds "11"]
[EventCountry "ENG"]
[SourceTitle "EXT 2017"]
[Source "ChessBase"]
[SourceDate "2016.10.25"]
[SourceVersion "1"]
[SourceVersionDate "2016.10.25"]
[SourceQuality "1"]
[WhiteTeam "Iceni"]
[BlackTeam "Barnet Knights III"]
[WhiteTeamCountry "ENG"]
[BlackTeamCountry "ENG"]

1. e4 b6 2. d4 Bb7 3. Nc3 e6 4. Bd3 Nf6 5. Nge2 c5 6. dxc5 Bxc5 7. 0-0 0-0 8. e5 Nd5 9. Nxd5 Bxd5 10. Nc3 Bb7 11. Qg4 h6 12. Bxh6 g6 13. Bxg6 Kh8 14. Bg5 Qe8 15. Qh5+ 1-0